Bài tập tiếng Pháp 8

Gespeichert in:
Bibliographische Detailangaben
1. Verfasser: Nguyễn, Hữu Thọ
Format: Buch
Sprache:Undetermined
Veröffentlicht: H. Giáo dục 2005
Schlagworte:
Online Zugang:http://lrc.tdmu.edu.vn/opac/search/detail.asp?aID=2&ID=4884
Tags: Tag hinzufügen
Keine Tags, Fügen Sie den ersten Tag hinzu!
Thư viện lưu trữ: Trung tâm Học liệu Trường Đại học Thủ Dầu Một
LEADER 00621nam a2200193Ia 4500
001 TDMU_4884
008 210410s9999 xx 000 0 und d
082 |a 440.76 
090 |b NG525 
100 |a Nguyễn, Hữu Thọ 
245 0 |a Bài tập tiếng Pháp 8 
245 0 |c Nguyễn Hữu Thọ 
260 |a H. 
260 |b Giáo dục 
260 |c 2005 
300 |a 148tr 
650 |a Tiếng pháp  |x Dạy và học; Sách lớp 8  |v Bài tập 
856 |u http://lrc.tdmu.edu.vn/opac/search/detail.asp?aID=2&ID=4884 
980 |a Trung tâm Học liệu Trường Đại học Thủ Dầu Một